00563nam a2200181Ii 45000010005000000030009000050080041000140400033000550410008000880820015000961100038001112450078001492640061002273000012002883360026003003370028003263380027003549059CO-ViMGA241108s9999||||xx |||||||||||||| ||und|| aCO-ViMGAbspaerdacCO-ViMGA0 aunk04a371.4-C7482 aConferencia Episcopal de Colombia10aEducación en la sexualidad:bUna guia para padres de familia y maestros 1a[Lugar de publicación no identificado] : Kimpres, 1995 avolumen atextbtxt2rdacontent aunmediatedbn2rdamedia avolumebnc2rdacarrier